| 000 | 00745cam a22001935a 4500 | ||
|---|---|---|---|
| 001 | L150523 | ||
| 008 | 100722e20100416xxkd f s 000 0 eng d | ||
| 035 | _a(Sirsi) u150523 | ||
| 041 | 0 | _aeng | |
| 110 | 2 |
_aExperian Business Strategies _94789 |
|
| 245 | 0 | 0 | _aBuilding intelligence |
| 260 | _c2010 | ||
| 490 | 0 |
_aBuilding _v275 (8625) 16 April 2010, 60-61(2) |
|
| 520 | _aLooks at what happened to the industry at the end of 2009; overview; tables illustrating new work output, R&M output and new work orders; 2010-2012 forecast with sector graph; regional new work output; regional R&M output; regional new work orders. | ||
| 590 | _aKA | ||
| 651 | 4 |
_aGreat Britain _y1707- |
|
| 690 | _aBUILT ENVIRONMENT-CONSTRUCTION MARKET | ||
| 942 | _n0 | ||
| 999 |
_c82544 _d82544 |
||